Великите сили, България и Балканската война в секретните документи на британската дипломация 1910-1913 г (Запис номер 346396)
[ съкратено ]
| 000 -Лидер | |
|---|---|
| Контролно поле с фиксирана дължина | nam a22 a 4500 |
| 003 - Код на организацията, давaща контролен номер | |
| Контролно поле | BLK |
| 005 - Дата и час на последна редакция | |
| Контролно поле | 20220219112602.0 |
| 008 - Елементи от данни с фиксирана дължина | |
| fixed length control field | 191112b bu ||||| |||| 00| 0 bu d |
| 020 ## - Международен стандартен номер на книга ISBN | |
| Международен стандартен номер на книга ISBN | 9789540138084 |
| 040 ## - Източник на каталожния запис | |
| Идентификатор на билиотеката - собственик на записа | BLK |
| 041 ## - Код за език | |
| Код за езика на текст/звукозапис или на отделно заглавие | Български |
| Код за езика КДБФ | Български |
| 080 ## - УДК | |
| Текстов определител УДК | Средновековна и нова обща история |
| УДК код - определител по УДК | 94 |
| УДК определител | (497)(093.2) |
| УДК - код + определител | 94(497)(093.2) |
| 080 ## - УДК | |
| Текстов определител УДК | Средновековна и нова обща история |
| УДК код - определител по УДК | 94 |
| УДК определител | (497.2)"1912/1913"(093.2) |
| УДК - код + определител | 94(497.2)"1912/1913"(093.2) |
| 139 ## - Редно поле | |
| Редна дума | Великите сили, България и Балканската война в секретните документи на британската дипломация 1910-1913 г |
| 245 ## - Сведения за заглавието | |
| Заглавие | Великите сили, България и Балканската война в секретните документи на британската дипломация 1910-1913 г |
| Редно поле (дума) | подб., състав., прев. от англ. ез. Филип С. Филипов |
| 260 ## - Област на издателските данни | |
| 9 (RLIN) | 209435 |
| Място на издаване, разпространение и проч. | София |
| Име на издателя, разпространителя и проч. | Просвета |
| Година на издаване | 2018 |
| Печатница | Костинброд : Мултипринт |
| 300 ## - Физическа характеристика | |
| Страници | 704 с. |
| Илюстрации и др. | с портр. |
| Размери/Мащаб | 24 см |
| 380 ## - Жанр | |
| Жанр | История |
| 650 #0 - Допълнително описание по предмет – тема | |
| 9 (RLIN) | 242247 |
| Основно описание – тема или топоним | Великобритания - външна политика - история |
| 999 ## - СИСТЕМНИ КОНТРОЛНИ НОМЕРА | |
| Koha biblionumber | 346396 |
| Koha biblioitemnumber | 346396 |
| 942 ## - АРТИКУЛИ | |
| Вид на библиотечния материал | Книги |
| Скрит в OPAC | Не |
| Периодичен библиозапис | Да |
| Koha issues (borrowed), all copies | 1 |
| 944 ## - СЪЗДАВАНЕ И РЕДАКЦИЯ на ЗАПИСА | |
| Създаване/Редакция | Създаване |
| Дата на регистрацията/редакция | 2019-11-12 |
| Служител, извършил регистрацията/редакцията | В. Р. |
| 999 ## - СИСТЕМНИ КОНТРОЛНИ НОМЕРА | |
| Koha biblioitemnumber | 346396 |
| 999 ## - СИСТЕМНИ КОНТРОЛНИ НОМЕРА | |
| Koha biblioitemnumber | 346396 |
| 999 ## - СИСТЕМНИ КОНТРОЛНИ НОМЕРА | |
| Koha biblioitemnumber | 346396 |
| 999 ## - СИСТЕМНИ КОНТРОЛНИ НОМЕРА | |
| Koha biblioitemnumber | 346396 |
| 999 ## - СИСТЕМНИ КОНТРОЛНИ НОМЕРА | |
| Koha biblioitemnumber | 346396 |
| Код за отписване | Код за изгубен артикул | Източник на класификационната схема | Код за повреда | Коз за рестрикции | Код за отдаване | Артикулен № | Име на библиотеката - собственик | Име на библиотеката, в която се намира в момента | Статус (Текущо местоположение) | Дата на вписване в системата | Местоположение - отдел | Цена в лева | Систематично азбучна сигнатура | Баркод | Цена в евро | Служебен тип на артикула |
|---|---|---|---|---|---|---|---|---|---|---|---|---|---|---|---|---|
| Не е изгубен | Universal Decimal Classification | Не е повреден | само за читалня | ползва се в читалня | 749159 | Регионална библиотека "Любен Каравелов" Русе | Регионална библиотека "Любен Каравелов" Русе | Хранилище | 2019-11-14 | Хранилище | 29.00 | Цб 297183 | 120000837451 | 14.83 | Книги | |
| Не е изгубен | Universal Decimal Classification | Не е повреден | заемане за дома | 750172 | Регионална библиотека "Любен Каравелов" Русе | Регионална библиотека "Любен Каравелов" Русе | Заемна - подръчен фонд | 2019-12-02 | Заемна - подръчен фонд | 24.65 | П 94(497.2)"1901/1918"/В 39 | 120000838470 | 12.60 | Книги | ||
| Не е изгубен | Universal Decimal Classification | Не е повреден | без рестрикции | заемане за дома | 752141 | Регионална библиотека "Любен Каравелов" Русе | Регионална библиотека "Любен Каравелов" Русе | Заемна - подръчен фонд | 2019-12-12 | Заемна - подръчен фонд | 23.20 | П 94(497.2)"1901/1918"/В 39 | 120000840294 | 11.86 | Книги |